000 00257nam a2200109Ia 4500
008 230907s9999||||xx |||||||||||||| ||und||
082 _a332.60994
_bBRA
245 0 _aInvestments :
260 _aCengage,
_bAustralia :
_c2011
300 _a745 p.
942 _cBK
999 _c601021
_d601021